000 00500nam a2200181Ia 4500
001 9088
005 20260306160657.0
008 260306t2015||||xx |||||||||||||| ||spa||
041 _aESP
082 _a372.6
_bG98M
100 _aGuzmán-Simón, Fernando
_eAUT
245 0 _aEscritura y lectura en educación infantil:
_bconceptos, secuencias didácticas y evaluación. Manual
260 _c2015
300 _a131 páginas :
_c24 cm.
650 _aGEN
654 _aCED
942 _cLIB
_dJUS
_fJUS
_2ddc
_n
999 _c9088
_d9088